| 000 | 00373nam a2200133Ia 4500 | ||
|---|---|---|---|
| 005 | 20260328104245.0 | ||
| 008 | 260328s9999||||xx |||||||||||||| ||und|| | ||
| 100 | _aMenchaca, Ernesto Aramburu | ||
| 245 | 0 |
_aLa Arquitectura Peruana a Través de los Siglos / _cErnesto Aramburu Menchaca |
|
| 260 | _bIberia S.A. | ||
| 300 | _a176 p. | ||
| 650 | _aARQUITECTURA | ||
| 942 | _cBK | ||
| 999 |
_c10035 _d10035 |
||